Infrastructure Investment (Record no. 115153)

MARC details
000 -LEADER
fixed length control field 01401cad a22001935a 4500
001 - CONTROL NUMBER
control field L158119
008 - FIXED-LENGTH DATA ELEMENTS--GENERAL INFORMATION
fixed length control field 140709s2014 xxk f 000 0 eng d
035 ## - SYSTEM CONTROL NUMBER
System control number (Sirsi) u158119
041 0# - LANGUAGE CODE
Language code of text/sound track or separate title eng
110 2# - MAIN ENTRY--CORPORATE NAME
Corporate name or jurisdiction name as entry element House of Commons Committee of Public Accounts
9 (RLIN) 6139
245 00 - TITLE STATEMENT
Title Infrastructure Investment
Remainder of title The impact on consumer bills
260 ## - PUBLICATION, DISTRIBUTION, ETC.
Place of publication, distribution, etc. London
Name of publisher, distributor, etc. House of Commons
Date of publication, distribution, etc. 2014
520 ## - SUMMARY, ETC.
Summary, etc. Examines the effect on consumers of government investment in infrastructure with more than £375 million spending on planned investment. Around two-thirds of this cost is likely to be financed and delivered by private companies but paid for by consumers through utility bills and user charges such as rail fares. At the moment government is not taking the responsibility for assessing the overall impact of this increase in bills on consumers. Makes recommendations including that the Treasury should ensure that an assessment of long term affordability of bills across the sector is published and that the regulator should improve their protection of consumer interests by paying closer attention to the financial structures of regulated companies.
590 ## - LOCAL NOTE (RLIN)
Local note KA
651 #4 - SUBJECT ADDED ENTRY--GEOGRAPHIC NAME
Geographic name United Kingdom
690 ## - LOCAL SUBJECT ADDED ENTRY--TOPICAL TERM (OCLC, RLIN)
Topical term or geographic name as entry element Infrastructure
9 (RLIN) 6246
856 40 - ELECTRONIC LOCATION AND ACCESS
Uniform Resource Identifier <a href="https://www.publications.parliament.uk/pa/cm201415/cmselect/cmpubacc/406/406.pdf">https://www.publications.parliament.uk/pa/cm201415/cmselect/cmpubacc/406/406.pdf</a>
Public note View this item free of charge at www.publication.parliament.uk
942 ## - ADDED ENTRY ELEMENTS (KOHA)
Suppress in OPAC 0
Holdings
Withdrawn status Lost status Source of classification or shelving scheme Damaged status Not for loan Home library Current library Shelving location Date acquired Total Checkouts Full call number Barcode Date last seen Copy number Price effective from Koha item type
    Dewey Decimal Classification     Virtual Virtual Online 09/07/2014   ONLINE PUBLICATION 158119-2001 06/08/2019 1 06/08/2019 Book